Beach processes and sedimentation
সংরক্ষণ করুন:
| প্রধান লেখক: | |
|---|---|
| বিন্যাস: | গ্রন্থ |
| ভাষা: | ইংরেজি |
| প্রকাশিত: |
Englewood Cliffs
Prentice Hall
1967
|
| বিষয়গুলি: | |
| ট্যাগগুলো: |
ট্যাগ যুক্ত করুন
কোনো ট্যাগ নেই, প্রথমজন হিসাবে ট্যাগ করুন!
|
MARC
| LEADER | 00000nam a2200000 a 4500 | ||
|---|---|---|---|
| 001 | UCV5071 | ||
| 003 | CL-VaPUC | ||
| 008 | 920603e19670000US |||||||||||||||||eng|d | ||
| 082 | 0 | 4 | |a 551.45 |b KOM |2 21 |
| 100 | |a Komar, Paul D |e author |9 451836 | ||
| 245 | 1 | 0 | |a Beach processes and sedimentation |
| 300 | |a 429 p | ||
| 942 | |c BK | ||
| 945 | |d 19920603 00:00:00 | ||
| 260 | |a Englewood Cliffs |b Prentice Hall |c 1967 | ||
| 650 | 0 | |a Erosión costera |9 261199 | |
| 650 | 0 | |a Sedimentos marinos |9 260001 | |
| 650 | 0 | |a Olas |9 261446 | |
| 583 | |a last modification |c 20120511 08:14:14 |k Rodrigo Vera | ||
| 999 | |c 211669 |d 211667 | ||
| 952 | |0 0 |1 0 |4 0 |6 551_450000000000000_KOM_1967 |7 0 |8 CCM |9 191509 |a BIBCUR |b BIBCUR |d 2019-11-14 |i 2590662 |o 551.45 KOM 1967 |p 2590662 |r 2025-04-22 |w 2019-11-14 |y BK |k CIM | ||